000 00547nab a2200145Ia 4500
003 ES-SlBCS
005 20210601133734.0
008 140529s1999 xxu||||| |||| 00| 0 por d
041 _apor
100 1 _aFloresta de Oliveira, Leila
_9209005
245 0 0 _aGênese do pensamento pedagógico anarquista: Proudhon e os princípios liberais e democráticos
_c Leila Floresta De Oliveira
600 1 _aPensamiento Anarquista-Proudhon, Pierre Joseph
_9209006
773 0 _tEducaçao e Filosofia
_gvol. 13, nº. 26, 1999, págs. 141
_wRev1534
942 _cAR
999 _c601353
_d601353